Academia journal of biology

Sparad:
Bibliografiska uppgifter
Materialtyp: Bok
Språk:Undetermined
Publicerad: Ha Noi Vietnam Academy of Science and Technology 2020
Ämnen:
Taggar: Lägg till en tagg
Inga taggar, Lägg till första taggen!
Thư viện lưu trữ: Trung tâm Học liệu Trường Đại học Cần Thơ
LEADER 00465nam a2200157Ia 4500
001 CTU_239373
008 210402s9999 xx 000 0 und d
082 |a 570 
082 |b V666 
245 0 |a Academia journal of biology 
245 0 |c Vietnam Academy of Science and Technology 
260 |a Ha Noi 
260 |b Vietnam Academy of Science and Technology 
260 |c 2020 
650 |a Sinh học,Biology 
980 |a Trung tâm Học liệu Trường Đại học Cần Thơ